|
|
|
|
| LEADER |
01492nam a2200313 a 4500 |
| 001 |
16505 |
| 003 |
BD-DhAAL |
| 008 |
090629s2004 au ae 001 0 eng d |
| 020 |
|
|
|a 1920744185
|
| 040 |
|
|
|a BD-DhAAL
|c BD-DhAAL
|
| 082 |
0 |
4 |
|a 725.5
|2 22
|
| 245 |
0 |
0 |
|a Health facilities review 2003-2004 /
|c coordinating editor, Robyn Beaver.
|
| 260 |
|
|
|a Sydney :
|b Images Pub. Group,
|c 2004.
|
| 300 |
|
|
|a 168 pages :
|b color illustrations, plans ;
|c 31 cm
|
| 500 |
|
|
|a At head of title: American Institute of Architects, Academy of Architecture for Health.
|
| 500 |
|
|
|a Includes index.
|
| 526 |
|
|
|a ARC
|x Huraera Jabeen, Faculty member of Department of Architecture
|
| 541 |
1 |
|
|e 16505
|a Premier Books
|
| 650 |
|
0 |
|a Health facilities
|z United States
|v Designs and plans.
|9 31763
|
| 650 |
|
0 |
|a Hospitals
|z United States
|x Design and construction.
|9 31764
|
| 650 |
|
0 |
|a Public architecture
|z United States.
|9 31765
|
| 650 |
|
0 |
|a Architecture
|z United States
|y 21st century.
|9 31766
|
| 700 |
1 |
|
|a Beaver, Robyn.
|9 31767
|
| 710 |
2 |
|
|a American Institute of Architects.
|9 31768
|
| 710 |
2 |
|
|a AIA Academy of Architecture for Health.
|9 31769
|
| 852 |
4 |
|
|a Ayesha Abed Library
|c General Stacks
|
| 942 |
|
|
|2 ddc
|c BK
|
| 999 |
|
|
|c 1864
|d 1864
|
| 952 |
|
|
|0 0
|1 0
|2 ddc
|4 0
|6 725_500000000000000_HEA_2004
|7 0
|9 1707
|a BRACUL
|b BRACUL
|c GEN
|d 2009-06-29
|e Premier Books
|g 6000.00
|l 6
|m 82
|o 725.5 HEA
|p 3010016505
|r 2022-10-27
|s 2022-09-27
|t 1
|w 2009-06-29
|y BK
|x Requisitioned by Huraera Jabeen, Faculty member of Department of Architecture (ARC).
|